| 000 | 00926nam a22002538a 4500 | ||
|---|---|---|---|
| 005 | 20090611113949.0 | ||
| 008 | 080408s2007 nyu 000 0 eng | ||
| 010 | _aENG-93942 | ||
| 020 |
_c180.00 _a9789812147143 |
||
| 020 |
_c180.00 _a981214714X |
||
| 035 | _aEN-77475 | ||
| 037 | _bDBAD / PUB | ||
| 040 |
_adpl _bEnglish |
||
| 082 | _a005.13 | ||
| 100 | _aGunarto, Hary | ||
| 245 |
_aCollected computer programming problems in Visual C#.Net / _cby Hary Gunarto |
||
| 260 |
_aSingapore _bTech Publications _c2007 |
||
| 270 |
_a10, Jalan Besar #B1-39 Sim Lim Tower, _bSingapore _e208787 |
||
| 300 |
_avii, 174p. _c25cm(pbk) |
||
| 500 | _aIncludes bibliographical references | ||
| 650 | _aComputer Programming | ||
| 942 |
_2ddc _cEN _mGUN _h005.13 |
||
| 999 |
_c27366 _d27366 |
||